01397nab a22002297a 4500003000400000005001700004008004100021040000700062100002800069245010000097260007200197300001100269500003500280505034400315505020900659505008900868650001800957650002500975650002401000650002301024773012001047OSt20251209140743.0190502c xxu||||| |||| 00| 0 spa d cPJ aMorosi, Guillermo E. H.13aLa unificación de condenas a partir de la reforma de la ley 27.785 /cGuillermo E. H. Morosi. aCiudad Autónoma de Buenos Aires :bThomson Reuters La Ley,c2025. ap. 3-5 aCita Online: AR/DOC/1540/2025. aSumario: I. Introducción.— II. Breves consideraciones preliminares sobre la unificación de condenas.— III. El segundo párrafo del art. 58 del Cód. Penal y su inconsistencia con el régimen del concurso real.— IV. Etiología y finalidad de la reforma legislativa.— V. Problemas constitucionales. Interpretación sugerida. tFallo comentado: TS Córdoba, sala penal ~ 19/04/2018 ~ D., M. J. p.s.a producción, publicación o distribución de imágenes pornográficas de menores de 18 años, etc. s/ recurso de casación. t¿Te interesa el texto completo? Solicitalo al correo: koha@justierradelfuego.gov.ar 0aDERECHO PENAL 0aUNIFICACION DE PENAS 0aCONCURSO DE DELITOS 0aCONSTITUCIONALIDAD0 02729dBuenos Aires : LexisNexis, 2006-tRevista de derecho penal y procesal penal. Nº 8 - Agosto 2025z9875920622